Statistiques concernant Connaissez vous l'histoire de l'aviation ?

Cliquez ici pour prendre le quiz!

Statistiques générales

  • Ce quiz a été pris 35 fois
  • Le résultat moyen est 4 sur 12

Statistiques - réponses

HintRéponse% Correct
Issu d'une collaboration Franco-Anglaise,il volait à 2 fois la vitesse du sonConcorde
86%
La première traversée de l'Atlantique fût réalisée en 1927 par...Charles Lindbergh
76%
La traversée de la Manche a été réalisée pour la première fois en 1909 par...Louis Blériot
62%
Sa machine, l'Éole marque le début de l'aviation en faisant un bond de 50mClément Ader
48%
Date de création du premier avion1903
41%
Construit par Douglas,cet avion a révolutionné le transport aérienDC-3
31%
Construit initialement pour transporter la navette spatiale soviétique mais devenu le plus gros avion de transport du monde,il fût détruit par un bombardement en 2022...Antonov An-225
28%
Premier avion de chasse équipé de réacteurs,il aurait pu changer le cours de l'histoire si Hitler avait accepté de le produire plus tôtMesserschmitt ME-262
17%
Le premier passage du mur du son est effectué par Chunk Yeager à bord du...Bell X-1
14%
Jean Mermoz a disparu a bord d'un Latécoère 300 nommé...La Croix du Sud
14%
Il a fondé en 1918 une entreprise qui deviendra par la suite l'AéropostalePierre-Georges Latécoère
14%
Alberto Santos Dumont a réalisé le premier vol sur le continent européen à bord du...14-bis
3%

Distribution des résultats

Percentile par nombre de réponses

% des personnes avec chaque résultat

Votre développement - résultats

Vous n’avez pas pris ce quiz